Hitler, a film from Germany = Hitler, una película de Alemania /
Guardado en:
| Hovedforfatter: | |
|---|---|
| Format: | Ukendt |
| Sprog: | English |
| Udgivet: |
New York :
Farrar Straus & Giroux,
1982.
|
| Fag: | |
| Tags: |
Tilføj Tag
Ingen Tags, Vær først til at tagge denne postø!
|
MARC
| LEADER | 000000000a22000000004500 | ||
|---|---|---|---|
| 001 | 013154 | ||
| 041 | 0 | |a eng | |
| 082 | 0 | 4 | |a 791 .437 |b S981h |
| 100 | 1 | |a Syberberg, Hans Jurgen, |d 1935- | |
| 245 | 1 | 0 | |a Hitler, a film from Germany = |b Hitler, una película de Alemania / |c Hans Jurgen Syberberg. |
| 260 | 1 | |a New York : |b Farrar Straus & Giroux, |c 1982. | |
| 300 | |a 267 páginas : |b ilustraciones ; |c 23 cm. | ||
| 650 | 4 | |a ALEMANIA | |
| 650 | 4 | |a PELICULAS | |
| 500 | |a Colección George Yúdice | ||
| 999 | |c 19092 |d 19092 | ||
| 942 | |c BK |h 791 .437 S981h |2 z | ||
